00655nam a2200205Ia 450000500170000001000440001702000260006102000230008703500130011003500170012303700310014003700130017108200080018410000160019224500870020826000340029527000410032930000390037049000400040920180226122448.0 aBAC-EN21 ENG-111595 B-663793 a9788131525999c399.00 a8131525996c399.00 aEN-95127 aB-591651-681 bAsian Book Centre/Venadpl bDBAD/PUB a530 aSharma,B.M. aCrash course in physics for joint entrance examination JEE (Main) /cby B.M.Sharma c2015aDelhibCengage Learning a418,F.I.E.,PatparganjbDelhie110092 c24cm(pbk)avarious pagings :bill. aCengage Learning's exam crack sries